000 00418nam a2200157 i 4500
001 35168
003 ES-MaACL
005 20230906155052.0
007 t|
008 030212s1977 sp ||||1| spa d
100 1 _aBordiga, Amadeo.
_930412
245 1 0 _aElementos de economía marxista /
_cAmadeo Bordiga.
260 _a[Bilbao :
_bZero,
_c1977]
300 _a165 p. ;
_c17 cm.
852 _aES-MaACL
_jA-6426
_bR.95484
999 _c35168
_d35168